000 00440nam a2200145 4500
001 5446
005 20181127175537.0
090 0 0 _a243.1 K996t 1966
245 0 0 _aThe teaching of Buddha /
_b
_cBukkyo Dendo Kyokai.
_h
260 0 0 _aTokyo, Japan :
_bSociety for the Promotion of Buddhism,
_c1966.
300 0 0 _a609 p. ; 19 cm.
650 0 0 _aBuddhism --Doctrines.
_x
650 0 0 _aBuddhism --Study and teaching.
_x
999 _c4576
_d4576